| 000 | 01071cam a22002895a 4500 | ||
|---|---|---|---|
| 001 | 7608641 | ||
| 005 | 20161115102805.0 | ||
| 008 | 070820s2008 enk frb 001 0 eng d | ||
| 020 | _z0335219292 | ||
| 020 | _z9780335219292 | ||
| 040 |
_aCaPaEBR _cCaPaEBR _beng _dEG-ScBUE |
||
| 082 | 0 | 4 |
_222 _a302.23 _bHIG |
| 100 | 1 |
_aHiggins, Michael, _d1967- |
|
| 245 | 1 | 0 |
_aMedia and their publics / _cMichael Higgins. |
| 260 |
_aMaidenhead, England ; _aNew York : _bOpen University Press : _bMcGraw-Hill Education, _c2008. |
||
| 300 |
_avii, 175 p. : _c24 cm. |
||
| 500 | _aIndex : p. [171]-175. | ||
| 504 | _aBibliography : p. 149-169. | ||
| 533 |
_aElectronic reproduction. _bPalo Alto, Calif. : _cebrary, _d2009. _nAvailable via World Wide Web. _nAccess may be limited to ebrary affiliated libraries. |
||
| 650 | 7 |
_aMass media _xSocial aspects. _2BUEsh _939331 |
|
| 650 | 7 |
_aMass media _xPolitical aspects. _2BUEsh _928561 |
|
| 650 | 7 |
_aMass media and culture. _2BUEsh |
|
| 650 | 7 |
_aMass media policy. _2BUEsh |
|
| 651 | _2BUEsh | ||
| 653 |
_bCOMAME _cNovember2016 |
||
| 942 | _2ddc | ||
| 999 |
_c23128 _d23100 |
||